[Event "TCh-CZE 2010-11"]
[Site "Czech Rep CZE"]
[Date "2010.12.04"]
[Round "3.6"]
[White "Markos,J"]
[Black "Rojicek,V"]
[Result "1-0"]
[WhiteElo "2546"]
[BlackElo "2422"]

1.d4 Nf6 2.c4 e6 3.Nc3 Bb4 4.Nf3 d5 5.Qa4+ Nc6 6.e3 O-O 7.Bd2 a6 8.a3 Be7
9.Qc2 dxc4 10.Bxc4 Bd6 11.Ne4 Nxe4 12.Qxe4 Qe8 13.Ng5 f5 14.Bxe6+ Bxe6 15.Qxe6+ Qxe6
16.Nxe6 Rfe8 17.d5 Ne7 18.Bc3 Nxd5 19.Nxg7 Rf8 20.Nh5 Nxc3 21.bxc3 Rae8 22.Kd2 Re5
23.g3 Ra5 24.a4 Kf7 25.Rhb1 b6 26.Kc2 Re8 27.Rd1 Re6 28.Nf4 Bxf4 29.gxf4 Ke7
30.Rg1 Rh6 31.Rg7+ Kd8 32.Rd1+ Kc8 33.Rdd7 Rc6 34.Rd4 Rac5 35.Rd3 Rh6 36.Rg2 Rcc6
37.Rd5 Rcg6 38.Rg5 Rxh2 39.Rgxf5 Rxf2+ 40.Kd3 Ra2 41.Rf8+ Kb7 42.Rd4 Rc6
43.f5 Ra3 44.Rc4 Rxc4 45.Kxc4 Kc6 46.Kd4 Kd6 47.Rf6+ Ke7 48.Rh6 Rxa4+ 49.Ke5 Ra5+
50.Kf4 Rc5 51.e4 Rxc3 52.e5 Kd7 53.Rxh7+ Kc6 54.e6 a5 55.f6 Rc1 56.e7 Rf1+
57.Kg5 Rg1+ 58.Kf5 Kd7 59.Rh8  1-0

[Event "31st Crespi Memorial"]
[Site "Milan ITA"]
[Date "2010.12.07"]
[Round "9"]
[White "Colovic,A"]
[Black "Marin,Mi"]
[Result "1/2-1/2"]
[WhiteElo "2457"]
[BlackElo "2562"]

1.d4 Nf6 2.c4 e6 3.Nc3 Bb4 4.Nf3 b6 5.e3 Ne4 6.Qc2 Bb7 7.Bd3 f5 8.O-O Bxc3
9.bxc3 O-O 10.Nd2 Qh4 11.f3 Nxd2 12.Bxd2 Nc6 13.Be1 Qh6 14.Bf2 Na5 15.Qa4 Rf7
16.c5 Re8 17.Rfe1 e5 18.dxe5 Rxe5 19.e4 fxe4 20.Bxe4 Bxe4 21.Rxe4 Qc6 22.Qxc6 Nxc6
23.Rxe5 Nxe5 24.Bg3 Nc4 25.cxb6 cxb6 26.Rd1 d6 27.Rd4 Rc7 28.Bxd6 Nxd6 29.Rxd6 Rxc3
30.Rd8+ Kf7 31.Rd7+ Kf6 32.Rxa7 b5 33.Ra6+ Kf7 34.Kf2 Rc2+ 35.Kg3 b4 36.h4 h5
37.Rb6 Rxa2 38.Rxb4 g6 39.Rb7+  1/2-1/2

[Event "Open ch-Skopje"]
[Site "Skopje MKD"]
[Date "2010.12.07"]
[Round "4"]
[White "Veleski,R"]
[Black "Hadzi Manev,L"]
[Result "1-0"]
[WhiteElo "2282"]
[BlackElo "2174"]

1.d4 Nf6 2.c4 e6 3.Nc3 Bb4 4.Nf3 O-O 5.g3 b6 6.Qb3 a5 7.a3 Be7 8.Bg2 Bb7
9.O-O d6 10.Re1 Nbd7 11.Qc2 Qc8 12.e4 e5 13.Nd5 Nxd5 14.cxd5 c5 15.dxe5 dxe5
16.Bh3 Bf6 17.Qa4 Rd8 18.Bd2 Qc7 19.Bc3 Qd6 20.Bxd7 Qxd7 21.Qxd7 Rxd7 22.Bxe5 Be7
23.Nd2 f6 24.Bf4 g5 25.Be3 Re8 26.g4 Bd6 27.f3 Ba6 28.a4 h5 29.Ra3 Rh7 30.Rb3 Rb8
31.Bf2 Bf4 32.Nf1 hxg4 33.fxg4 Bxf1 34.Rxf1 Bxh2+ 35.Kg2 Be5 36.Bg3 Re7 37.Rbf3 Bxg3
38.Kxg3 Rxe4 39.Rxf6 Re5 40.R1f5 Rbe8 41.Rf8+ Kg7 42.Rxe8 Rxe8 43.Rxg5+ Kf6
44.Rf5+ Kg6 45.Kf4 Re2 46.b3 Rd2 47.Ke5 Re2+ 48.Kd6 Re4 49.Kc6 c4 50.d6 cxb3
51.d7 Rc4+ 52.Kd5 Rc2 53.Rf6+ Kg7 54.Rxb6 b2 55.Kd6 Rd2+ 56.Kc7 Rc2+ 57.Kb7 Rd2
58.Ka6 Rxd7 59.Rxb2 Rd4 60.Kxa5 Rxg4 61.Rf2 Re4 62.Kb5 Re5+ 63.Kc6 Re6+ 64.Kd5 Ra6
65.Rf4 Rg6 66.Kc5 Kh6 67.Rf5 Rg1 68.a5 Kg6 69.Rf2 Ra1 70.Kb6 Rb1+ 71.Ka7 Kg5
72.a6 Kg6 73.Ka8 Kg7 74.a7 Kg6 75.Rf8 Kg5 76.Rb8 Rc1 77.Rb5+ Kf6 78.Kb7  1-0

[Event "2nd Pilsen Open"]
[Site "Plzen CZE"]
[Date "2010.12.09"]
[Round "7"]
[White "Ivanov,MM"]
[Black "Kourousis,E"]
[Result "1-0"]
[WhiteElo "2429"]
[BlackElo "2264"]

1.d4 Nf6 2.c4 e6 3.Nc3 Bb4 4.Nf3 b6 5.Bg5 Bb7 6.Nd2 c5 7.a3 cxd4 8.axb4 dxc3
9.bxc3 h6 10.Bh4 d5 11.cxd5 Qxd5 12.f3 Nbd7 13.e4 Qc6 14.Nc4 Nxe4 15.Qd4 Nef6
16.Nd6+ Ke7 17.Rd1 e5 18.Qd2 a6 19.b5 Qd5 20.Nxb7 Qxb7 21.Qd6+ Ke8 22.Bxf6  1-0

[Event "TCh-NED"]
[Site "Netherlands NED"]
[Date "2010.12.11"]
[Round "4.10"]
[White "Hovenga,A"]
[Black "Van Beek,L"]
[Result "1-0"]
[WhiteElo "2176"]
[BlackElo "2340"]

1.d4 Nf6 2.c4 e6 3.Nc3 Bb4 4.Nf3 b6 5.Qb3 c5 6.Bg5 h6 7.Bh4 Nc6 8.d5 Ne7
9.Bxf6 gxf6 10.O-O-O Bxc3 11.Qxc3 e5 12.d6 Ng6 13.g3 Bb7 14.Bh3 b5 15.Bf5 Qb6
16.Kb1 Nf8 17.Rhe1 Ne6 18.Bxe6 fxe6 19.Ka1 O-O-O 20.cxb5 Kb8 21.a4 a6 22.bxa6 Qxa6
23.b3 Rc8 24.Nd2 Qxd6 25.Nc4 Qc7 26.Rd6 Bc6 27.Red1 Rhg8 28.f3 h5 29.e4 Qa7
30.Na5 Rc7 31.Nxc6+ dxc6 32.Rxe6 Rd7 33.Red6 Rgd8 34.Rxd7 Rxd7 35.Rxd7 Qxd7
36.Qxc5 Qd1+ 37.Kb2 Qd2+ 38.Ka3 Kb7 39.Qb4+  1-0

[Event "48th ch-IND"]
[Site "New Delhi IND"]
[Date "2010.12.13"]
[Round "5"]
[White "Karthikeyan,P2"]
[Black "Kunte,A"]
[Result "1/2-1/2"]
[WhiteElo "2382"]
[BlackElo "2517"]

1.d4 Nf6 2.c4 e6 3.Nc3 Bb4 4.Nf3 c5 5.g3 O-O 6.Bg2 d5 7.cxd5 Nxd5 8.Qb3 Nc6
9.dxc5 Nxc3 10.bxc3 Bxc5 11.O-O e5 12.Ng5 h6 13.Ne4 Be7 14.Ba3 Qc7 15.Bxe7 Nxe7
16.Rab1 b6 17.Rfd1 Be6 18.Qa3 Rad8 19.Nd6 Nc8 20.Nb7 Rd7 21.Qa4 Rxd1+ 22.Rxd1 Qxc3
23.Nd8 Bc4 24.Bf3 b5 25.Qa6 Qc2 26.e3 e4 27.Bh5 Bd3 28.Nc6 Qc5 29.Bg4 Nb6
30.Qb7 Nd5 31.Nd4 Nf6 32.Bf5 Rd8 33.h4 b4 34.Be6 Rf8 35.Bb3 Ng4 36.Qc6 Qe5
37.Kg2 a5  1/2-1/2

[Event "London Chess Classic FIDE Open"]
[Site "London ENG"]
[Date "2010.12.14"]
[Round "8"]
[White "Williams,Si1"]
[Black "Gormally,D"]
[Result "1-0"]
[WhiteElo "2493"]
[BlackElo "2470"]

1.d4 Nf6 2.c4 e6 3.Nf3 Bb4+ 4.Nc3 b6 5.Bg5 Bb7 6.Nd2 h6 7.Bh4 c5 8.d5 exd5
9.cxd5 Bxc3 10.bxc3 Bxd5 11.e4 Qe7 12.Bxf6 gxf6 13.Be2 Be6 14.O-O f5 15.exf5 Bxf5
16.Bb5 a6 17.Qf3 axb5 18.Qxa8 O-O 19.Qf3 Qg5 20.Ne4 Qg6 21.Rfe1 Nc6 22.Nd6 Bg4
23.Qg3 b4 24.f4 Kh7 25.cxb4 Nxb4 26.f5 Qg7 27.h3 Qd4+ 28.Kh2 Bh5 29.Qe5 Qh4
30.Re4 Qg5 31.Rxb4 cxb4 32.Ne4 Qg7 33.Nf6+ Kh8 34.Re1  1-0

[Event "2nd Balkan Grand Prix Final"]
[Site "Belgrade SRB"]
[Date "2010.12.15"]
[Round "4"]
[White "Chatalbashev,B"]
[Black "Drenchev,P"]
[Result "0-1"]
[WhiteElo "2611"]
[BlackElo "2507"]

1.d4 Nf6 2.c4 e6 3.Nc3 Bb4 4.Nf3 d5 5.cxd5 exd5 6.Qa4+ Nc6 7.Bg5 h6 8.Bxf6 Qxf6
9.e3 O-O 10.Be2 Rd8 11.O-O a6 12.Rac1 Be6 13.Ne5 Bd6 14.Nxc6 bxc6 15.Qxc6 Rab8
16.Qxa6 Rxb2 17.Qd3 Bf5 18.Qd1 c6 19.Bd3 Bd7 20.Rc2 Rb4 21.Qf3 Qg5 22.h3 g6
23.Ne2 h5 24.e4 Ra8 25.e5 Be7 26.Qe3 Ra3 27.f4 Qh6 28.Nc3 Qf8 29.Kh1 c5 30.Nxd5 Rxd4
31.Rc3 Rxa2 32.Bc4 Rad2 33.Qf3 Bf5 34.Ne3 Be4 35.Qg3 Kh7 36.Rg1 Qd8 37.Bxf7 Bh4
38.Bxg6+ Bxg6 39.Qf3 Rf2 40.Qb7+ Rd7 41.Qc6 Rxf4 42.Qxc5 Bf2 43.Ra1 Be4 44.e6 Rh4  0-1

[Event "2nd Balkan Grand Prix Final"]
[Site "Belgrade SRB"]
[Date "2010.12.18"]
[Round "8"]
[White "Chatalbashev,B"]
[Black "Drasko,M"]
[Result "1-0"]
[WhiteElo "2611"]
[BlackElo "2479"]

1.d4 e6 2.c4 Nf6 3.Nc3 Bb4 4.Nf3 c5 5.g3 Ne4 6.Qd3 Qa5 7.Qxe4 Bxc3+ 8.Bd2 Bxd2+
9.Nxd2 Qb6 10.dxc5 Qxb2 11.Rb1 Qa3 12.Bg2 O-O 13.Qd3 Qxc5 14.Rb5 Qc7 15.Rh5 g6
16.Rh4 d5 17.O-O dxc4 18.Rxc4 Nc6 19.Bxc6 bxc6 20.Ne4 Qe5 21.Rc5 Qg7 22.Qd6 Ba6
23.Re1 Bb5 24.Qf4 f6 25.Nc3 Qe7 26.Qe3 Rfe8 27.Rb1 Rac8 28.a4 Ba6 29.Ra5 Bc4
30.Rxa7 Rc7 31.Rxc7 Qxc7 32.Ne4 Qd8 33.Qc3  1-0

[Event "Moscow Teams"]
[Site "Moscow RUS"]
[Date "2010.12.18"]
[Round "6"]
[White "Dubov,Danii"]
[Black "Kharitonov,AV"]
[Result "1/2-1/2"]
[WhiteElo "2456"]
[BlackElo "2524"]

1.d4 Nf6 2.c4 e6 3.Nc3 Bb4 4.Nf3 c5 5.g3 Ne4 6.Qd3 Qa5 7.Qxe4 Bxc3+ 8.Bd2 Bxd2+
9.Nxd2 cxd4 10.Qxd4 O-O 11.Bg2 Nc6 12.Qd6 Qb6 13.Qa3 d5 14.O-O Nd4 15.Qd3 Qxb2
16.cxd5 exd5 17.e3 Nc6 18.Bxd5 Rd8 19.Nc4 Qf6 20.Qe4 Bf5 21.Qf3 Rac8 22.Rfd1 b5
23.Bxc6 bxc4 24.Bb7 Rb8 25.Be4 Be6  1/2-1/2

[Event "63rd ch-RUS"]
[Site "Moscow RUS"]
[Date "2010.12.18"]
[Round "7"]
[White "Tomashevsky,E"]
[Black "Vitiugov,N"]
[Result "1/2-1/2"]
[WhiteElo "2699"]
[BlackElo "2709"]

1.d4 Nf6 2.c4 e6 3.Nc3 Bb4 4.Nf3 d5 5.Bg5 dxc4 6.e4 c5 7.Bxc4 cxd4 8.Nxd4 Qa5
9.Bb5+ Bd7 10.Bxf6 Bxb5 11.Nb3 Qb6 12.Bxg7 Rg8 13.Bd4 Bxc3+ 14.Bxc3 Nc6 15.g3 Bc4
16.Rc1 Rd8 17.Qf3 e5 18.Qe3 Qxe3+ 19.fxe3 Bxb3 20.axb3 Rg4 21.Ke2 Rxe4 22.Kf3 f5
23.Rhd1 Rxd1 24.Rxd1 Ke7 25.h3 h5 26.Rc1 a6 27.Be1 Kd6 28.Rd1+ Ke6 29.Rc1 Kd5
30.Rd1+ Ke6 31.Rc1 Kd5 32.Rd1+  1/2-1/2

[Event "European Rapid Championship"]
[Site "Warsaw POL"]
[Date "2010.12.18"]
[Round "1"]
[White "Kiedrowski,A"]
[Black "Naiditsch,A"]
[Result "0-1"]
[WhiteElo "1877"]
[BlackElo "2685"]

1.d4 Nf6 2.c4 e6 3.Nc3 Bb4 4.Nf3 b6 5.Bg5 Bb7 6.e3 h6 7.Bxf6 Qxf6 8.Be2 Bxc3+
9.bxc3 O-O 10.O-O d6 11.a4 a5 12.Qc2 Nd7 13.e4 e5 14.Rfd1 Rfe8 15.d5 Bc8
16.h3 Nc5 17.Nh2 Qg6 18.Bf3 Bxh3 19.Qe2 Bd7 20.Re1 Bxa4 21.Bh5 Qg5 22.Qf3 Qf4
23.Qh3 Bd7 24.Bg4 Bxg4 25.Nxg4 Nxe4 26.g3 Ng5 27.gxf4 Nxh3+ 28.Kg2 Nxf4+
29.Kf3 f5 30.Ne3 g6 31.Rg1 Kh7 32.Rg3 Nh5 33.Rg2 e4+ 34.Ke2 f4  0-1

[Event "Tancat Magistral"]
[Site "Sabadell ESP"]
[Date "2010.12.19"]
[Round "6"]
[White "Alonso Rosell,A"]
[Black "Gonzalez Garcia,J2"]
[Result "1/2-1/2"]
[WhiteElo "2491"]
[BlackElo "2521"]

1.d4 Nf6 2.c4 e6 3.Nc3 Bb4 4.Nf3 c5 5.g3 cxd4 6.Nxd4 Ne4 7.Qd3 Bxc3+ 8.bxc3 Nc5
9.Qf3 d6 10.Bg2 e5 11.Nb3 Nba6 12.Ba3 Qc7 13.O-O  1/2-1/2

[Event "37th ch-IND w"]
[Site "Bhubaneswar IND"]
[Date "2010.12.25"]
[Round "1"]
[White "Karavade,E"]
[Black "Pratyusha,B"]
[Result "1/2-1/2"]
[WhiteElo "2369"]
[BlackElo "2086"]

1.d4 Nf6 2.c4 e6 3.Nf3 Bb4+ 4.Nc3 b6 5.e3 Bb7 6.Bd3 O-O 7.O-O d5 8.Bd2 Re8
9.Qe2 dxc4 10.Bxc4 Nbd7 11.a3 Bxc3 12.Bxc3 Ne4 13.Rac1 Nxc3 14.Rxc3 c5 15.Bb5 Bxf3
16.Qxf3 cxd4 17.exd4 Rf8 18.d5 exd5 19.Qxd5 Nf6 20.Qxd8 Rfxd8 21.Rfc1 Ne4
22.Rc7 Nd6 23.Ba6 Kf8 24.g3 Ne8 25.R7c2 Rd4 26.Rc8 Rxc8 27.Rxc8 Ke7 28.Ra8 Rd7
29.Kg2 Nf6 30.Kf3 Rc7 31.h3 Nd7 32.Ke3 Kd6 33.Rc8 Rxc8 34.Bxc8 Nc5 35.Kd4 Ne6+
36.Kc4 Nc7 37.Bg4 Ke5 38.Bf3 h6 39.Bb7 g5 40.a4 f5 41.Bc8 h5 42.b4 f4 43.Bb7 fxg3
44.fxg3 h4 45.gxh4 gxh4 46.a5 Ne6 47.axb6 axb6 48.Kb5 Nf4 49.Kxb6 Nxh3 50.Kc7 Ng5
51.Bh1 Ne6+ 52.Kc6 Nd4+ 53.Kc5 Ne6+ 54.Kc6 Nd4+ 55.Kc5 Ne6+ 56.Kc6 Nd4+  1/2-1/2

[Event "19th Donau Open"]
[Site "Aschach AUT"]
[Date "2010.12.27"]
[Round "2"]
[White "Schneider Zinner,H"]
[Black "Scheffknecht,P"]
[Result "1-0"]
[WhiteElo "2336"]
[BlackElo "2135"]

1.d4 Nf6 2.c4 e6 3.Nc3 Bb4 4.Nf3 O-O 5.Bg5 d5 6.e3 c5 7.cxd5 Qa5 8.Bxf6 Bxc3+
9.bxc3 Qxc3+ 10.Nd2 gxf6 11.Rc1 Qb2 12.Rxc5 b6 13.Rc2 Qa3 14.Qg4+ Kh8 15.Qf3 Na6
16.Qxf6+ Kg8 17.h4 exd5 18.h5 Nb4 19.h6 Nxc2+ 20.Kd1 Bg4+ 21.Nf3 Nxe3+ 22.fxe3 Bxf3+
23.gxf3 Qa4+ 24.Ke1 Qb4+ 25.Kf2 Qd2+ 26.Be2  1-0

[Event "Rilton Cup 2010-11"]
[Site "Stockholm SWE"]
[Date "2010.12.28"]
[Round "2"]
[White "Tikkanen,H"]
[Black "Getz,N"]
[Result "1-0"]
[WhiteElo "2550"]
[BlackElo "2317"]

1.d4 Nf6 2.c4 e6 3.Nc3 Bb4 4.Nf3 b6 5.e3 Bb7 6.Bd3 c5 7.O-O O-O 8.Na4 cxd4
9.exd4 Be7 10.Re1 d6 11.Bf4 Nbd7 12.Rc1 Rc8 13.Nc3 d5 14.Nb5 dxc4 15.Rxc4 Rxc4
16.Bxc4 Bd5 17.Bf1 Bb4 18.Nc3 Qa8 19.Nd2 Rc8 20.Re3 Bxc3 21.bxc3 Bxa2 22.c4 b5
23.cxb5 Nd5 24.Ra3 Nxf4 25.Rxa2 Qd5 26.Qa1 Qg5 27.g3 h5 28.Qe1 Rc7 29.Qe3 Qd5
30.Qxf4 e5 31.dxe5 Qxa2 32.e6 Ne5 33.Qxe5  1-0

[Event "Rilton Cup 2010-11"]
[Site "Stockholm SWE"]
[Date "2010.12.30"]
[Round "4"]
[White "Tikkanen,H"]
[Black "Naiditsch,A"]
[Result "0-1"]
[WhiteElo "2550"]
[BlackElo "2685"]

1.d4 Nf6 2.c4 e6 3.Nc3 Bb4 4.Nf3 b6 5.e3 Bb7 6.Bd3 O-O 7.O-O d5 8.cxd5 exd5
9.Bd2 Nbd7 10.Rc1 a6 11.Ne5 Re8 12.f4 c5 13.Be1 cxd4 14.exd4 Be7 15.a4 Nf8
16.Qf3 Ne6 17.Bf2 Bb4 18.f5 Ng5 19.Qf4 h6 20.Bh4 Nfe4 21.f6 Qxf6 22.Bxg5 hxg5
23.Qg4 Qe6 24.Qh5 g6 25.Qf3 f5 26.Qh3 Kg7 27.Nxe4 dxe4 28.Rc7+ Re7 29.Bc4 Bd5
30.Rc6 Bd6 31.Rxb6 Rh8 32.Qc3 Bxc4 33.Nxc4 Bxh2+ 34.Kf2 Qd5 35.Ne3 Qf7 36.Ke2 Rc7
37.Rc6 Rxc6 38.Qxc6 Rb8 39.Nc4 Qb7 40.Qc5 Rc8 41.Rxf5 Rxc5 42.Rxc5 Qb3  0-1

[Event "23rd Staufer-Open"]
[Site "Leinzell GER"]
[Date "2011.01.04"]
[Round "5"]
[White "Van Ginkel,P"]
[Black "Miezis,N"]
[Result "0-1"]
[WhiteElo "2244"]
[BlackElo "2546"]

1.d4 Nf6 2.c4 e6 3.Nc3 Bb4 4.Nf3 c5 5.e3 O-O 6.Bd3 d5 7.O-O cxd4 8.exd4 dxc4
9.Bxc4 a6 10.a3 Be7 11.Bg5 b5 12.Ba2 Bb7 13.Qd3 Nc6 14.Rad1 Rc8 15.Rfe1 b4
16.Ne2 bxa3 17.bxa3 Nd5 18.Bb1 g6 19.Bh6 Re8 20.Nf4 Qd6 21.Nh5 Qxa3 22.Qe4 Qd6
23.Ng7 Red8 24.Qg4 Bf8 25.Rxe6 fxe6 26.Bxg6 hxg6 27.Ne8 Nce7 28.Nxd6 Rxd6
29.Bxf8 Rxf8 30.Ng5 Rf4 31.Qh3 Nf6 32.Qb3 Bc8 33.g3 Rf5 34.Qb8 Rc6 35.h4 Rd5
36.Qb4 Nf5 37.Re1 Rxd4 38.Qb8 Kg7 39.Qa8 Rdd6 40.Qa7+ Rd7 41.Qb8 Nd4 42.Kg2 Bb7
43.Kh3 Rcd6 44.Rd1 e5 45.f3 a5 46.Rd3 a4 47.g4 a3 48.h5 gxh5 49.gxh5 Nxh5
50.Qe8 Nf4+ 51.Kg4 Nd5 52.Qxe5+ Nf6+ 53.Kh3 Rd5  0-1

[Event "Rilton Cup 2010-11"]
[Site "Stockholm SWE"]
[Date "2011.01.04"]
[Round "8"]
[White "Lindberg,Bo"]
[Black "Kudzma,L"]
[Result "1-0"]
[WhiteElo "2404"]
[BlackElo "2232"]

1.d4 e6 2.c4 Nf6 3.Nc3 Bb4 4.Nf3 b6 5.Bg5 h6 6.Bh4 Bb7 7.e3 g5 8.Bg3 Ne4
9.Qc2 Bxc3+ 10.bxc3 d6 11.Bd3 f5 12.d5 Nd7 13.Nd4 Ndc5 14.dxe6 Rf8 15.Be2 Qf6
16.Bh5+ Kd8 17.f3 Nxg3 18.hxg3 Nxe6 19.g4 f4 20.O-O-O fxe3 21.Rhe1 Nxd4 22.cxd4 Bc6
23.Rxe3 Kc8 24.d5 Bd7 25.Kb1 Kb7 26.Rde1 Rg8 27.Re7 Rg7 28.R7e4 Rh8 29.Qb2 Qxb2+
30.Kxb2 Kc8 31.Kc3 Kd8 32.Kd4 Rf8 33.R1e3 Rh8 34.Ra3 a5 35.Rae3 Rf8 36.Re1 Rh7
37.R4e3 Rg7 38.g3 Rfg8 39.Rg1 Rf8 40.Rg2 Re7 41.Bg6 Rxe3 42.Kxe3 Rf6 43.Be4 Ke7
44.Rh2 Kf8 45.Bf5 Be8 46.f4 Kg8 47.Ke4 Bf7 48.Rh1 Kg7 49.Re1 Kf8 50.Kf3 Be8
51.Be6 Bg6 52.Ke3 Kg7 53.f5 Be8 54.Kd4 Rf8 55.Rh1 Rh8 56.Bc8 Kf6 57.Re1 Bf7
58.Bd7 Rf8 59.Kc3 Rh8 60.Kb3 h5 61.gxh5 Rxh5 62.Ka4 Rh2 63.a3 Rb2 64.g4 Rg2
65.Kb5 Rxg4 66.Rc1 Re4 67.Kc6 Re7 68.Rg1 b5 69.cxb5 Bxd5+ 70.Kxc7 Bf3 71.Kxd6 Re3
72.a4  1-0

[Event "9th Parsvnath Open"]
[Site "New Delhi IND"]
[Date "2011.01.08"]
[Round "2.40"]
[White "Kulkarni,R"]
[Black "Mohammad,J"]
[Result "0-1"]
[WhiteElo "2236"]
[BlackElo "2238"]

1.d4 Nf6 2.c4 e6 3.Nc3 Bb4 4.Nf3 d5 5.Bg5 O-O 6.e3 h6 7.Bh4 c5 8.Rc1 cxd4
9.exd4 Nc6 10.Bd3 dxc4 11.Bxc4 Be7 12.O-O Qb6 13.Bg3 Rd8 14.Nb5 Rd7 15.Qa4 a6
16.Ne5 Rd8 17.Nxc6 bxc6 18.Nc3 Rxd4 19.Ne2 Rd2 20.Rfd1 Rxd1+ 21.Rxd1 c5 22.Be5 Bb7
23.Nf4 Bc6 24.Qc2 Bb5 25.b3 Rd8 26.Rc1 Bxc4 27.Qxc4 Rd2 28.a4 Ng4 29.Bxg7 Rxf2
30.Ba1 Qd6 31.Rf1 Qd2 32.h3 Rxf1+ 33.Qxf1 Qe3+ 34.Kh1 Nf2+ 35.Kg1 Nxh3+  0-1

[Event "Australian Open"]
[Site "Cammeray AUS"]
[Date "2011.01.09"]
[Round "7.17"]
[White "Rachmadi,H"]
[Black "Rout,I"]
[Result "1-0"]
[WhiteElo "1836"]
[BlackElo "1983"]

1.d4 Nf6 2.c4 e6 3.Nc3 Bb4 4.Nf3 c5 5.g3 b6 6.Bg2 Bb7 7.O-O cxd4 8.Qxd4 Nc6
9.Qd3 O-O 10.Rd1 Be7 11.a3 Rc8 12.b4 a6 13.Be3 d6 14.Rac1 Ng4 15.Bf4 e5 16.Bd2 f5
17.e4 Nd4 18.h3 fxe4 19.Nxe4 Bxe4 20.Qxe4 Nf6 21.Qe1 Nb3 22.Rc3 Nxd2 23.Rxd2 Nd7
24.h4 b5 25.c5 Qc7 26.Rcd3 Nxc5 27.bxc5 Qxc5 28.Qe4 Qc4 29.Qe3 e4 30.Rd4 Qc1+
31.Ne1 d5 32.Rd1 Qxe3 33.fxe3 Bxa3 34.Rxd5 Rc3 35.Kh2 Rxe3 36.Nc2 Rc3 37.Nxa3 Rxa3
38.Bxe4 b4 39.Rd8 a5 40.Bd5+  1-0

[Event "Australian Open"]
[Site "Cammeray AUS"]
[Date "2011.01.11"]
[Round "9.42"]
[White "Sewell,Bob"]
[Black "Reynolds,Paul J"]
[Result "0-1"]
[WhiteElo "1556"]
[BlackElo "1784"]

1.d4 Nf6 2.c4 e6 3.Nc3 Bb4 4.Nf3 d5 5.Bg5 Bxc3+ 6.bxc3 O-O 7.e3 Nbd7 8.cxd5 exd5
9.Bd3 c6 10.Qc2 h6 11.Bh4 Re8 12.O-O a6 13.c4 dxc4 14.Qxc4 Qa5 15.a4 Ne4
16.Qc2 Ndf6 17.Ne5 g5 18.Bg3 Bf5 19.Qa2 Be6 20.Qc2 Bd5 21.h4 Rac8 22.hxg5 Nxg5
23.Bh4 c5 24.Qb1 Re7 25.f4 Nge4 26.Bxe4 Bxe4 27.Qd1 Kg7 28.Bxf6+ Kxf6 29.Ng4+ Kg7
30.Rc1 c4 31.Nf2 Bf5 32.e4 Bd7 33.f5 Bxf5 34.exf5 Qxf5 35.Qg4+ Qxg4 36.Nxg4 b5
37.axb5 axb5 38.Ne5 c3 39.Rf3 b4 40.Rg3+ Kh7 41.Nd3 b3 42.Nc5 b2 43.Rf1 c2
44.Rc3 b1=Q 45.Rxb1 cxb1=Q+  0-1

[Event "I Antonio Rocha Mem"]
[Site "Campinas BRA"]
[Date "2011.01.13"]
[Round "1.6"]
[White "Stamenkovic,Dr"]
[Black "Leitao,R"]
[Result "0-1"]
[WhiteElo "2370"]
[BlackElo "2609"]

1.d4 Nf6 2.c4 e6 3.Nc3 Bb4 4.Nf3 b6 5.g3 Ba6 6.Qb3 c5 7.a3 Ba5 8.Bg2 Nc6
9.O-O O-O 10.Rd1 Bxc3 11.Qxc3 d5 12.b3 Rc8 13.dxc5 bxc5 14.Bb2 d4 15.Qc2 Qe7
16.e3 dxe3 17.fxe3 Ng4 18.h3 Nxe3 19.Qc3 Nf5 20.g4 Nfd4 21.Nxd4 Nxd4 22.Qe3 Nc6
23.Rd2 Bb7 24.Rad1 Rcd8 25.Bxc6 Bxc6 26.Be5 Rxd2 27.Rxd2 Rd8 28.Rxd8+ Qxd8
29.Qxc5 Qd1+ 30.Kf2 Qd2+ 31.Kf1 Bg2+ 32.Kg1 Bb7 33.Qf2 Qd1+ 34.Kh2 f6 35.Bd4 Qxb3
36.Qe2 e5 37.Bxa7 Qxa3 38.Be3 Qa1 39.c5 Qh1+ 40.Kg3 h5 41.gxh5 f5 42.Bg5 Qg1+
43.Kh4 Qd4+ 44.Kg3 f4+ 45.Kh2 Qd5 46.Bxf4 exf4 47.Qe8+ Kh7 48.Qg6+ Kh8  0-1

[Event "ch-Antalya 2011"]
[Site "Antalya TUR"]
[Date "2011.01.15"]
[Round "6.5"]
[White "Avci,A"]
[Black "Reyhan,Zeynel"]
[Result "1-0"]
[WhiteElo "1767"]
[BlackElo "1871"]

1.d4 Nf6 2.c4 e6 3.Nc3 Bb4 4.Nf3 d5 5.e3 c6 6.a3 Bxc3+ 7.bxc3 Ne4 8.Qc2 Qa5
9.Bb2 Nd7 10.Bd3 Ndf6 11.O-O O-O 12.Ne5 Nd6 13.c5 Nde8 14.c4 g6 15.cxd5 exd5
16.f3 Qd8 17.e4 Ng7 18.Rad1 Ngh5 19.Bc1 dxe4 20.Bxe4 Nd5 21.Nc4 f5 22.Bxd5+ Qxd5
23.Nd6 f4 24.Rfe1 Rd8 25.Re5 Rxd6 26.cxd6 Qxd6 27.Qc4+ Kg7 28.Rde1 b5 29.Qc3 Bd7
30.d5 Kh6 31.g4  1-0

[Event "I Antonio Rocha Mem"]
[Site "Campinas BRA"]
[Date "2011.01.20"]
[Round "8.2"]
[White "Vescovi,G"]
[Black "Rodriguez Vila,A"]
[Result "1-0"]
[WhiteElo "2631"]
[BlackElo "2511"]

1.d4 e6 2.c4 Nf6 3.Nf3 Bb4+ 4.Nc3 b6 5.Bg5 Bb7 6.Nd2 c5 7.d5 h6 8.Bh4 g5
9.Bg3 exd5 10.cxd5 Bxc3 11.bxc3 Bxd5 12.Qc2 Qe7 13.f3 Nh5 14.Bf2 Bb7 15.e4 Nc6
16.Bb5 Nf4 17.O-O-O O-O-O 18.Nc4 Kb8 19.Nd6 Qf6 20.g3 Ne6 21.f4 gxf4 22.gxf4 Ned4
23.cxd4 Nxd4 24.e5 Qxf4+ 25.Qd2 Qxd2+ 26.Kxd2 Bxh1 27.Rxh1 Nxb5 28.Nxb5 d6
29.Nxd6 f6 30.Ke3 Rhf8 31.e6 Rg8 32.Nf5 Rge8 33.e7 Kb7 34.Bh4 Rd5 35.Kf4 Rd2
36.Bxf6 Kc6 37.Nxh6 Kd5 38.Kf5 c4 39.Ng4 b5 40.Bg5 Rxe7 41.Bxd2  1-0

[Event "I Antonio Rocha Mem"]
[Site "Campinas BRA"]
[Date "2011.01.23"]
[Round "11.1"]
[White "Stamenkovic,Dr"]
[Black "Mareco,S"]
[Result "0-1"]
[WhiteElo "2370"]
[BlackElo "2627"]

1.d4 Nf6 2.c4 e6 3.Nc3 Bb4 4.Nf3 c5 5.g3 Nc6 6.Bg2 Ne4 7.Qd3 cxd4 8.Nxd4 Nxc3
9.bxc3 Ne5 10.Qc2 Be7 11.Qb3 O-O 12.f4 Nc6 13.Be3 Qc7 14.Nb5 Qb8 15.c5 b6
16.cxb6 axb6 17.c4 Na5 18.Qd3 Bb7 19.O-O Bxg2 20.Kxg2 Qb7+ 21.Kf2 Rfd8 22.Rab1 Qc6
23.Rfc1 Rdc8 24.Nd4 Qa4 25.Nb5 Nxc4 26.Qxd7 Ba3 27.Rd1 Bf8 28.a3 h5 29.Qd3 e5
30.Bc1 Bc5+ 31.Ke1 Rd8 32.Qxd8+ Rxd8 33.Rxd8+ Kh7 34.Bd2 Qc2 35.Rc1 Qe4 36.e3 Nxd2  0-1

[Event "Belgrade Individual 2011"]
[Site "Belgrade SRB"]
[Date "2011.01.25"]
[Round "4.3"]
[White "Vrbljanac,A"]
[Black "Nestorovic,L"]
[Result "0-1"]
[WhiteElo "2298"]
[BlackElo "2323"]

1.d4 Nf6 2.c4 e6 3.Nc3 Bb4 4.Nf3 b6 5.Bg5 Bb7 6.Nd2 h6 7.Bh4 Bxc3 8.bxc3 d6
9.f3 Nbd7 10.e4 e5 11.Bd3 g5 12.Bf2 Qe7 13.Qa4 c5 14.d5 h5 15.Nf1 Kd8 16.Ne3 Kc7
17.Nf5 Qf8 18.h4 Rg8 19.Qc2 Rg6 20.hxg5 Rxg5 21.Ne3 Qg8 22.Bh4 Rg6 23.Rh2 Nh7
24.Nf5 Qh8 25.Bf1 Ng5 26.Ne7 Rg7 27.Qd2 f6 28.Nf5 Rg6 29.Qe3 Nf8 30.g3 Bc8
31.Ne7 Rg7 32.Nxc8 Rxc8 33.O-O-O Re8 34.Bd3 Qg8 35.Rdh1 Nd7 36.Bc2 a6 37.Ba4 b5
38.cxb5 Nb6 39.Bb3 axb5 40.Qe2 c4 41.Bd1 Nd7 42.Bxg5 Rxg5 43.Rxh5 Rxg3 44.Qb2 Rb8
45.Qb4 Nc5 46.Qa5+ Kb7 47.Qxb5+ Ka7 48.Qa5+ Na6 49.Rh7+ Rg7 50.Rxg7+ Qxg7
51.Be2 Qg5+ 52.Kc2 Rb7 53.Rd1 Qg2 54.Rd2 Qg1 55.Bd1 Qe3 56.Qa3 Qb6 57.Qc1 Qa5  0-1

[Event "Moscow Open F Women"]
[Site "Moscow RUS"]
[Date "2011.01.29"]
[Round "1.34"]
[White "Verko,T"]
[Black "Aseeva,A"]
[Result "1-0"]
[WhiteElo "2147"]
[BlackElo "1807"]

1.d4 Nf6 2.c4 e6 3.Nc3 Bb4 4.Nf3 c5 5.Bf4 d5 6.e3 Nc6 7.a3 Bxc3+ 8.bxc3 O-O
9.Qc2 Ne4 10.Bd3 f5 11.O-O b6 12.Ne5 Bb7 13.cxd5 Nxe5 14.Bxe5 Bxd5 15.f3 Nf6
16.c4 Bc6 17.d5 exd5 18.Bxf5 Qe7 19.Bf4 dxc4 20.Qxc4+ Bd5 21.Qc2 Be6 22.Bd3 Kh8
23.Bg5 Bg8 24.e4 Qe5 25.Bh4 c4 26.Be2 Rfd8 27.Rfc1 b5 28.Bg3 Qd4+ 29.Bf2 Qd2
30.Qxd2 Rxd2 31.Kf1 a6 32.a4 Rb8 33.axb5 axb5 34.Rab1 Nd7 35.Bg3 Rb6 36.Bc7 Rb7
37.Bf4 Rxe2 38.Kxe2 Nc5 39.Bd6 Nd3 40.Rd1 b4 41.Rxd3 cxd3+ 42.Kxd3 b3 43.Be5 h5
44.f4 Rd7+ 45.Bd4 Kh7 46.h3 h4 47.Rb2 Kh6 48.Rf2 Bh7 49.Ke3 Re7 50.f5 Kh5
51.e5 Kg5 52.Ke4 Re8 53.Be3+ Kh5 54.Bc1 Rc8 55.Ba3 Ra8 56.Bb2 Re8 57.Kd5 Kg5
58.Bc1+ Kh5 59.e6 Rd8+ 60.Ke5 Re8 61.Rf3 Rb8 62.Bb2 Kg5 63.Bc1+ Kh5 64.f6 gxf6+
65.Rxf6 Bg6 66.Bb2 Rb5+ 67.Kd6 Rb6+ 68.Kd7 Rb7+ 69.Kc6 Ra7 70.Rf8 Ra6+ 71.Kd5 Ra2
72.Rf2 Ra5+ 73.Kc4 Ra6 74.Rf6 Rb6 75.Kc5 Ra6 76.Kb5 Ra2 77.Rf2 Bd3+ 78.Kb4 Ra6
79.Kc3 Bg6 80.Re2 Rb6 81.Bc1 Rc6+ 82.Kb2 Rb6 83.Re5+ Bf5 84.Rxf5+ Kg6 85.e7 Re6
86.Rg5+ Kf7 87.Kxb3 Kxe7 88.Rg4 Rb6+ 89.Kc2 Rc6+ 90.Kd2 Rd6+ 91.Ke2 Re6+
92.Be3 Kf6 93.Rxh4 Re8 94.Rg4 Ra8 95.Kf3 Kf5 96.Rg5+ Kf6 97.h4 Ra3 98.g4 Rb3
99.Rf5+ Kg6 100.h5+ Kh7 101.g5 Kg7 102.g6 Kg8 103.h6 Rb8 104.Bd4 Rb3+ 105.Kg4 Rg3+
106.Kh5 Rh3+ 107.Kg5 Rh5+ 108.Kf6 Rxh6 109.Ra5 Rxg6+ 110.Kxg6 Kf8 111.Re5  1-0

[Event "16th HIT Open"]
[Site "Nova Gorica SLO"]
[Date "2011.01.29"]
[Round "2"]
[White "Brank,Bine"]
[Black "Bratkovic,Jakob"]
[Result "1-0"]
[WhiteElo "1876"]
[BlackElo "1672"]

1.d4 Nf6 2.c4 e6 3.Nc3 Bb4 4.Nf3 O-O 5.Bg5 h6 6.Bh4 b6 7.a3 Bxc3+ 8.bxc3 Bb7
9.e3 d6 10.Bd3 Nbd7 11.O-O c5 12.Qe2 Qc7 13.Nd2 cxd4 14.cxd4 d5 15.Rfc1 Qd6
16.Bg3 Qe7 17.cxd5 Nxd5 18.e4 N5f6 19.Rc7 Rab8 20.Ba6 Bxa6 21.Qxa6 Rfd8 22.Rac1 Nh5
23.Rxa7 Qg5 24.Rc2 Nxg3 25.hxg3 Nc5 26.Qe2 Nb7 27.Nf3 Qg6 28.Ne5 Qh7 29.Nc6 Rdc8
30.Ne7+  1-0